00431nam a2200157Ia 4500008004100000020000700041082001400048100002400062245004700086250000700133260004300140300002400183500000700207600003300214650002600247240925s9999 xx 000 0 und d aNA a954.9 NAJ aNajmi ,Safdar Ali 0aQuaid-E-Azam ka Taswer Taleem or Pakistan  aNA aKarachi:bUniversal Publishersc,2001. a410p.bNAfOriginal aNA aHumanities & Natural Science aHistory and Geography